Statistics for The Monarchs of the Kingdom of Denmark

Click here to take the quiz!

General Stats

  • This quiz has been taken 145 times
  • The average score is 18 of 21

Answer Stats

ReignHouseAnswer% Correct
1448-1481OldenburgChristian I
94%
1513-1523OldenburgChristian II
94%
1533-1559OldenburgChristian III
94%
1588-1648OldenburgChristian IV
94%
1863-1906GlücksburgChristian IX
94%
1670-1699OldenburgChristian V
94%
1730-1746OldenburgChristian VI
94%
1766-1808OldenburgChristian VII
94%
1839-1848OldenburgChristian VIII
94%
1912-1947GlücksburgChristian X
94%
1523-1533OldenburgFrederick I
89%
1559-1588OldenburgFrederick II
89%
1648-1670OldenburgFrederick III
89%
1699-1730OldenburgFrederick IV
89%
1947-1972GlücksburgFrederick IX
89%
1746-1766OldenburgFrederick V
89%
1808-1839OldenburgFrederick VI
89%
1848-1863OldenburgFrederick VII
89%
1906-1912GlücksburgFrederick VIII
89%
1972-GlücksburgMargrethe II
57%
1481-1513OldenburgJohn
37%

Score Distribution

Percentile by Number Answered

Percent of People with Each Score

Your Score History

You have not taken this quiz